Thomas kuhn : de los paradigmas a la teoría evolucionista /

Guardado en:
Autor Principal: Gaeta, Rodolfo
Otros Autores: Gentile, Nélida
Formato: Libro
Publicado: Buenos Aires : Eudeba, 2001
Materias:
Etiquetas: Agregar Etiqueta
Sin Etiquetas, Sea el primero en etiquetar este registro!
LEADER 00653nam a22002175a 4500
001 CEM.cems010911
005 20080305160738.0
008 130507s2001##################000#0#####d
003 CEMS
020 |a 9502307593 
082 0 4 |a 149 
100 1 |a Gaeta, Rodolfo 
245 1 0 |a Thomas kuhn :  |b de los paradigmas a la teoría evolucionista /  |c Rodolfo Gaeta y Nélida Gentile 
260 |a Buenos Aires :  |b Eudeba,  |c 2001 
300 |a 57 p. 
653 |a Filosofía 
653 |a Progreso científico 
653 |a Filosofía de la ciencia 
653 |a Ciencia-teorías 
700 1 |a Gentile, Nélida 
859 |a CEMS  |b BIB. CEMS - 11 de abril  |h 149  |i G119  |p 21645.02  |t Ej.1